Los defensores del Morro / (Record no. 67338)

MARC details
000 -LEADER
campo de control de longitud fija 00755nam a2200253 i 4500
001 - NÚMERO DE CONTROL
campo de control 67338
003 - IDENTIFICADOR DE NÚMERO DE CONTROL
campo de control ES-MaACL
005 - FECHA Y HORA DE LA ÚLTIMA TRANSACCIÓN
campo de control 20230906170039.0
007 - CAMPO FIJO DE DESCRIPCIÓN FÍSICA--INFORMACIÓN GENERAL
campo de control de longitud fija t|
008 - DATOS DE LONGITUD FIJA--INFORMACIÓN GENERAL
campo de control de longitud fija 040519s2003 cu ||||1| spa d
020 ## - NÚMERO INTERNACIONAL ESTÁNDAR DEL LIBRO
Número Internacional Estándar del Libro 959-209-476-4
080 ## - NÚMERO DE LA CLASIFICACIÓN DECIMAL UNIVERSAL
Número de la Clasificación Decimal Universal 94(729.1 H.)"17"
080 ## - NÚMERO DE LA CLASIFICACIÓN DECIMAL UNIVERSAL
Número de la Clasificación Decimal Universal 94(729.1)"1762/63"
100 1# - ENTRADA PRINCIPAL--NOMBRE DE PERSONA
Nombre de persona Placer Cervera, Gustavo.
9 (RLIN) 92502
245 14 - MENCIÓN DEL TÍTULO
Título Los defensores del Morro /
Mención de responsabilidad, etc. Gustavo Placer Cervera.
260 ## - PUBLICACIÓN, DISTRIBUCIÓN, ETC.
Lugar de publicación, distribución, etc. La Habana :
Nombre del editor, distribuidor, etc. Unión,
Fecha de publicación, distribución, etc. [2003]
300 ## - DESCRIPCIÓN FÍSICA
Extensión 117 p. :
Otras características físicas il., mapas ;
Dimensiones 27 cm.
490 1# - MENCIÓN DE SERIE
Mención de serie Clío
651 #4 - PUNTO DE ACCESO ADICIONAL DE MATERIA--NOMBRE GEOGRÁFICO
Nombre geográfico La Habana-
Subdivisión general Historia-
Subdivisión cronológica S.XVIII.
9 (RLIN) 8902
651 #4 - PUNTO DE ACCESO ADICIONAL DE MATERIA--NOMBRE GEOGRÁFICO
Nombre geográfico Cuba-
Subdivisión general Historia-
Subdivisión cronológica 1762-1763, Ocupación inglesa.
9 (RLIN) 8104
830 0# - PUNTO DE ACCESO ADICIONAL DE SERIE-TÍTULO UNIFORME
Título uniforme Clío
9 (RLIN) 182535
852 ## - LOCALIZACIÓN
Ubicación ES-MaACL
Número de control de estantería L-27569
Sublocalización o colección R.133180
Holdings
Estatus retirado Estado de pérdida Estado de daño No para préstamo Biblioteca de origen Biblioteca actual Ubicación en estantería Fecha de adquisición Fuente de adquisición Total de préstamos Signatura topográfica completa Código de barras Visto por última vez Precio de reemplazo Tipo de ítem Koha
        Biblioteca del Ateneo de Madrid Biblioteca del Ateneo de Madrid Depósito 2 17/01/2008     L-27569 1070516 23/02/2023 23/02/2023 Libro impreso